000
00290nam a2200109Ia 4500
008
230312s9999||||xx |||||||||||||| ||und||
082
_a
621.3916
_b
SIN-O
100
_a
Singh;Sumit.Kumar
245
0
_a
Fundamentals of Digital Elctronics and Microprocessors
650
_a
Engineering
942
_c
BK
999
_c
4190
_d
4190